| 000 | 00462cam a2200181ua 4500 | ||
|---|---|---|---|
| 020 |
_a81-259-0045-4 _c395.00 |
||
| 041 |
_aeng _h |
||
| 082 |
_a025.52 _bKRI/RE |
||
| 100 | _aKrishan, Kumar . | ||
| 245 |
_aReference service / _cKrishan Kumar. _hTextual Documents |
||
| 250 |
_a5 / _b. |
||
| 260 |
_aNew Delhi : _bVikas publishing house pvt ltd , _c1996. |
||
| 300 | _a447 ; . | ||
| 365 | _a395.00 | ||
| 504 | _a | ||
| 942 | _cBK | ||
| 999 |
_c9042 _d9042 |
||